Nalaganje...

Randomization tests

Bibliografske podrobnosti
Glavni avtor: Edgington, Eugene S.
Format: Printed Book
Jezik:English
Izdano: Boca Raton Chapman & Hall 2007
Izdaja:4th ed.
Teme:
LEADER 00698nam a2200253 a 4500
001 adlib96000001
003 ViArRB
005 20151026132315.0
008 960221s1955 dcuabcdjdbkoqu001 0deng d
020 |a 9781584885894 
022
040 |a Adlib 
082 |a 519.233.3 
245 |a Randomization tests 
250 |a 4th ed. 
260 |a Boca Raton  |b Chapman & Hall  |c 2007 
300 |a 345p 
500 |a  Includes CD ROM 
100 |a Edgington, Eugene S. 
700
942 |c BK  |6 _ 
653 |a Statistical hypothesis testing  |a Onghena, Patrick 
999 |c 45903  |d 45903 
952 |0 0  |1 0  |4 0  |6 5192333_EDG  |7 0  |9 58363  |a UL  |b UL  |d 2010-06-16  |o 519.233.3 EDG  |p 00059400  |r 2010-06-16  |w 2010-06-16  |y BK